000 00626nam a22002537a 4500
003 Ost
005 20220830212003.0
008 220830b |||||||| |||| 00| 0 eng d
020 _aNA
040 _cBT-PhCST
050 _a4442
082 _222
_a398.2
100 _aTashi Choden ...[et al.].
245 _aWayo, Wayo :
_bvoices from the past /
260 _aThimphu,
_bThe Centre for Studies,
_cc2004.
300 _a0
_bill. ;
700 _aLham Dorji.
700 _aDorji Penjore.
700 _aPhuntsho Rapten.
700 _aSonam Kinga.
700 _aKarma Galay.
700 _aUgyen Pelgen.
942 _2ddc
_cGEN
999 _c2749
_d2749